000 00648nam a22002297a 4500
001 BR9511712
003 BR-BrBNA
005 20230928094859.0
007 ta
008 230509b bl.||||| |||| 00| 0 por d
040 _aBR-BrBNA
_bpor
_cBiblioteca Nacional de Agricultura
041 _a(Por)
072 _aN01
090 _ N01 BR9511712
110 1 _aEmpresa de Assistencia Tecnica e Extensao Rural do Estado do Espirito Santo, Vitoria (Brasil)
245 1 _aComo fazer uma fossa higienica
260 3 _aVitoria, ES (Brasil):
_c[nd].
300 _a8 p.
650 _aFossa Septica
909 _a202309
_bLucia
_c55
_dLucia Elande
942 _cBK
999 _c53189
_d53189